000 00320nam a22001337a 4500
008 180201b xxu||||| |||| 00| 0 eng d
020 _a0471896292
041 _aeng
080 _a338
100 _a54
101 _aMEN
245 _aJudgment in managerial decision making
_cBazerman,M.H
942 _2udc
_cBK
999 _c41492
_d41492